000 00337nam a2200169Ia 4500
008 191121s9999||||xx |||||||||||||| ||und||
020 _a9789280115093
040 _aIMU-MPC
082 _aColumn-5
100 _aIMO
245 0 _aBCH Code
260 _aLondon
260 _bIMO
260 _c2008
300 _aix, 110
942 _cBK
999 _c1878
_d1878